| 000 | 00733nas a2200241 4500 | ||
|---|---|---|---|
| 001 | BR9501843 | ||
| 003 | BR-BrBNA | ||
| 005 | 20231205093942.0 | ||
| 007 | ta | ||
| 008 | 230509b bl.|||p| |||| 00| 00por d | ||
| 040 |
_aBR-BrBNA _bpor _cBiblioteca Nacional de Agricultura |
||
| 041 | _a(Pt) | ||
| 072 | _aL60 | ||
| 100 | 1 | _aBond-Buckup, G. | |
| 100 | 1 | _aTavares, L.M.G. | |
| 245 | 1 | _aMetamysidopsis neritica, a new peracarid from the coastal waters of south Brazil (Crustacea, Mysidacea) | |
| 650 | _aCrustaceo | ||
| 650 | _aTaxonomia | ||
| 650 | _aRio Grande do Sul | ||
| 773 | 0 |
_tAtlantica (Brazil) _xISSN 0102-1656 _g(1992), v. 14 p. 65-71 _wBR9501843 |
|
| 909 |
_a202311 _bLúcia _c55 _dLúcia Elande |
||
| 942 |
_2AGRIS _n0 _cANA |
||
| 999 |
_c141269 _d141269 |
||